Historic NBA Players - Sudden Death! - Statistics

General Stats
  • This quiz has been taken 63 times
  • The average score is 8 of 9
Answers on the Grid
Answers color-coded by a green-red scale on the quiz's grid according to % correct below.
Bob Pettit
Leroy Higgins
Jamal Green
Larry Bird
Will Brown
Magic Johnson
Dominique Wilkins
Ervin Leggin
Darren Porrell
Samuel James
Shawn Kemp
Harrison Clark
Shaquille O'neal
Kobe Bryant
Jimmy White
Gary Payton
J.J Reddick
Robert Orchard
 
Answer Stats
Answer % Correct
Larry Bird
96%
Shaquille O'neal
96%
Kobe Bryant
93%
Magic Johnson
93%
Bob Pettit
89%
Dominique Wilkins
87%
Gary Payton
87%
Shawn Kemp
83%
J.J Reddick
76%
No matching quizzes found
Score Distribution
Percent of People with Each Score
Percentile by Number Answered
Your Score History
You have not taken this quiz